000
00288nam a22001337a 4500
008
170602b xxu||||| |||| 00| 0 eng d
020
_a
9781557502162
041
_a
eng
080
_a
94
100
_a
18
101
_a
SHH
245
_a
THE SEA WAR IN KOREA
_c
CAGLE,M.W
942
_2
udc
_c
BK
999
_c
15817
_d
15817